Представление документа в формате RUSMARC

ПолеНазваниеЗначение
  Тип записи c
  Библиографический уровень m
001 Контрольный номер UONB/MAIN/849fed67afd04b52bc58bd29e8622b86
005 Дата корректировки 20251205103158.0
010 Индекс ISBN __
d Цена 55 к.
9 Тираж 25000 экз.
071 Издательские номер (звукозапись и ноты) 21
a Номер, присвоенный агентством 12220
100 Данные общей обработки __
a Данные общей обработки 20220506b1982 m##y0rusy0189 ca
101 Язык документа 0_
a Язык текста rus
f Язык титульного листа rus
102 Страна публикации __
a Страна публикации RU
125 Кодированные данные звукозаписи и нотных изданий __
a Форма изложения нотного текста a
128 Кодированные данные (звукозаписи-физические характеристики) __
a Кодированные данные: Музыкальная форма и тональность или лад ai
c Инструменты или голоса, рекомендуемые для солистов (устаревшее) vu
200 Заглавие и сведения об ответственности 1_
a Заглавие Вып. 87
e Сведения, относящиеся к заглавию [перелож. для вокально-инструм. ансамбля]
208 Область специфических сведений: ноты __
a Форма изложения нотного текста Партитура
210 Выходные данные 1_
d Дата издания 1982
215 Физическое описание __
d Формат 22 см
a Объем 78 с.
327 Примечание о содержании 11
a Примечание о содержании Содерж. : Гамалия В. Руки Родины / сл. В. Чернова. - Чудова Т. Песня о горнисте / сл. В. Кожевникова. - Томин С. Два солдата / сл. Д. Костюрина. - Терентьев Б. Пусть дни проходят / сл. И. Финка. - Беляев В. Научи меня, коса / сл. В. Бокова. - Саульский Ю. Две мечты / сл. И. Шаферана. - Рычков Б. Откликнись / сл. И. Шаферана. - Мигуля В. Признание / сл. С. Абрамова. - Львов-Компанеец Д. Свет улыбки твоей / сл. В. Татаринова.
461 Уровень набора _0
1 2001
a Поем и танцуем
b Ноты
v Вып. 87
1 2101
a М.
c Музыка
d 1965 -
1 001UONB/MAIN/4fde9fb1b77a4474bcd01598adf6aca3
464 Аналитический уровень _0
1 700 1
a Гамалия
b В.
1 2001
a Руки Родины
e Уносит ветер вдаль дневные звуки...
1 702 1
a Чернов
b В.
4 520
464 Аналитический уровень _0
1 700 1
b Чудова
a Т.
1 2001
a Песня о горнисте
e На тревожных дорогах военной судьбы...
1 702 1
a Кожевников
b В.
4 520
464 Аналитический уровень _0
1 700 1
a Томин
b С.
1 2001
a Два солдата
e Послушай, как спокойна тишина...
1 702 1
a Костюрин
b Д.
4 520
464 Аналитический уровень _0
1 700 1
a Терентьев
b Б.
1 2001
a Пусть дни проходят
e Мы с тобой не первый год встречаем...
1 702 1
a Финк
b И.
4 520
464 Аналитический уровень _0
1 700 1
a Беляев
b В.
1 2001
a Научи меня, коса
e Научи меня, коса...
1 702 1
a Боков
b В.
4 520
464 Аналитический уровень _0
1 700 1
a Саульский
b Ю.
1 2001
a Две мечты
e Я не знаю дом, где ты живешь...
1 702 1
a Шаферан
b И.
4 520
464 Аналитический уровень _0
1 700 1
a Рычков
b Б.
1 2001
a Откликнись
e Я прошу об одном...
1 702 1
a Шаферан
b И.
4 520
464 Аналитический уровень _0
1 700 1
a Мигуля
b В.
1 2001
a Признание
e Люблю тебя...
1 702 1
a Абрамов
b С.
4 520
1 702 1
a Савельев
b В.
4 520
464 Аналитический уровень _0
1 700 1
a Львов-Компанеец
b Д.
1 2001
a Свет улыбки твоей
e Сколько новых слов...
1 702 1
a Татаринов
b В.
4 520
512 Заглавие обложки 1_
a Заглавие обложки Поем и танцуем
606 Тематические рубрики 0_
a Основная рубрика Вокально-инструментальные ансамбли
x Основная подрубрика Песни советских композиторов
x Основная подрубрика Лирические песни
x Основная подрубрика Эстрадные песни советских композиторов
610 Ключевые слова 0_
a Ключевые слова эстрадные песни; танцевальная музыка; лирические песни; песни советских композиторов; вокально-инструментальные ансамбли
686 Индексы других классификаций __
2 Код системы rubbk
a Классификационный индекс 85.942.8-09я43П
801 Источник записи _0
a Страна RU
b Организация Ульяновская ОНБ
c Дата составления 20220506
g Правила каталогизации RCR
801 Источник записи _1
a Страна RU
b Организация Ульяновская ОНБ
c Дата составления 20220506
g Правила каталогизации RCR
901 Тип документа __
t Тип документа n
w Контрольный № источника UONB/MAIN/4fde9fb1b77a4474bcd01598adf6aca3
909 Создатель записи __
a Создатель записи Никитина Т. А.